| 000 | 00534nam a22001937a 4500 | ||
|---|---|---|---|
| 003 | MPLRDC | ||
| 005 | 20220104113746.0 | ||
| 008 | 210129b ||||| |||| 00| 0 eng d | ||
| 020 | _a7-5350-2558-7 | ||
| 082 | _a859.6 VER-2 | ||
| 100 | _aJULES VERNE | ||
| 245 |
_a海底两万里 _c朱任东改 编;画童卡通工作室绘图 |
||
| 250 | _a二版二刷 | ||
| 260 |
_a中国 _b海燕出版社 _c2004 |
||
| 300 | _b平 | ||
| 490 | _a注音彩绘本世界文学名著经典 | ||
| 650 | _a儿童故事 | ||
| 942 |
_cBK _o859.6 VER-2 |
||
| 999 |
_c2133 _d2123 |
||